Urbanismo / (Record no. 127612)

MARC details
000 -LEADER
campo de control de longitud fija 00612nam a2200205 i 4500
001 - NÚMERO DE CONTROL
campo de control 127612
003 - IDENTIFICADOR DE NÚMERO DE CONTROL
campo de control ES-MaACL
005 - FECHA Y HORA DE LA ÚLTIMA TRANSACCIÓN
campo de control 20250802222147.0
007 - CAMPO FIJO DE DESCRIPCIÓN FÍSICA--INFORMACIÓN GENERAL
campo de control de longitud fija t|
008 - DATOS DE LONGITUD FIJA--INFORMACIÓN GENERAL
campo de control de longitud fija 070214m19551962sp r ||||1| spa d
080 ## - NÚMERO DE LA CLASIFICACIÓN DECIMAL UNIVERSAL
Número de la Clasificación Decimal Universal 711
100 1# - ENTRADA PRINCIPAL--NOMBRE DE PERSONA
Nombre de persona Rigotti, Giorgio.
9 (RLIN) 97216
245 10 - MENCIÓN DEL TÍTULO
Título Urbanismo /
Mención de responsabilidad, etc. Giorgio Rigotti ; traducción del italiano bajo la dirección de Francisco Folguera.
260 ## - PUBLICACIÓN, DISTRIBUCIÓN, ETC.
Lugar de publicación, distribución, etc. Barcelona :
Nombre del editor, distribuidor, etc. Labor,
Fecha de publicación, distribución, etc. 1955-1562.
300 ## - DESCRIPCIÓN FÍSICA
Extensión 2 v. :
Otras características físicas il. ;
Dimensiones 26 cm.
650 #7 - PUNTO DE ACCESO ADICIONAL DE MATERIA--TÉRMINO DE MATERIA
Término de materia o nombre geográfico como elemento de entrada Urbanismo
Fuente del encabezamiento o término embne
9 (RLIN) 17692
700 1# - ENTRADA AGREGADA--NOMBRE PERSONAL
Nombre de persona Folguera, Francisco.
9 (RLIN) 51464
852 4# - LOCALIZACIÓN
Ubicación ES-MaACL
Número de control de estantería C-22816-17
Holdings
Estatus retirado Estado de pérdida Estado de daño No para préstamo Biblioteca de origen Biblioteca actual Ubicación en estantería Fecha de adquisición Fuente de adquisición Total de préstamos Signatura topográfica completa Código de barras Visto por última vez Precio de reemplazo Tipo de ítem Koha
        Biblioteca del Ateneo de Madrid Biblioteca del Ateneo de Madrid Mesetón 17/01/2008     C-22816-7 1132912 23/02/2023 23/02/2023 Libro impreso